Word Chain - Marvel Characters - Statistics

General Stats
  • This quiz has been taken 89 times
  • The average score is 20 of 40
Answer Stats
Hintx23 Answer % Correct
Symbiote bonded to a reporter Venom
92%
Archer Avenger Hawkeye
86%
Leader Fury of the SHIELD Nick
83%
God of Thunder Thor
80%
All-Father of Asgard Odin
79%
Size shifting Avenger Ant-Man
75%
Mutant who can control weather Storm
75%
Genius with an Arc-reactor suit Iron Man
73%
Metal manipulator Magneto
73%
Guardian Raccoon Rocket
73%
Can emit beams from his eyes Cyclops
70%
Flaming Motorcyclist Ghost Rider
69%
Mad Titan Warlord Thanos
68%
Wolverine Logan
65%
Black Widow Natasha
63%
Card throwing mutant Gambit
61%
A.I supervillian Ultron
59%
Master of the Ten Rings Shang-Chi
58%
Leader of the fantastic four Mister Fantastic
55%
Amazing Spiderman's girlfriend Gwen Stacy
52%
____ the Conqueror Kang
52%
Ravager who adopts star-lord Yondu
49%
Daredevil's assassin girlfriend Elektra
48%
Supervillian Doctor with Tentacles Octopus
48%
Atlantean ruler Namor
44%
MCU's current Sorcerer Supreme Wong
44%
____ the Destroyer Drax
41%
Adversary of Hulk Abomination
37%
Blue lady cybernaut Nebula
32%
Name of Falcon's telepathic bird Redwing
32%
Physically strongest Eternal Gilgamesh
30%
Mexican-American ASL user Echo
27%
Mystique's adopted daughter Rogue
25%
Soft-Spoken Kronan Warrior Korg
21%
Laura's mutant designation X-23
21%
Demonic looking mutant Azazel
18%
Has enhanced strength at night Nighthawk
8%
Steve Rogers's adopted son Nomad
4%
DC has a villain with the same name Scarecrow
4%
Composite of two brothers 3-D Man
3%
No matching quizzes found
Score Distribution
Percent of People with Each Score
Percentile by Number Answered
Your Score History
You have not taken this quiz